[Event "GER-ch U16 Girls"]
[Site "Willingen"]
[Date "2022.06.07"]
[Round "4"]
[White "Foos, Vanessa"]
[Black "Alferova, Emily"]
[Result "0-1"]
[WhiteElo "1462"]
[BlackElo "1523"]
[PlyCount "40"]
[EventDate "2022.06.04"]
[EventType "swiss"]
[EventRounds "9"]
[EventCountry "GER"]
[SourceTitle "CBM 208 Extra"]
[Source "ChessBase"]
[SourceDate "2022.07.31"]
[SourceVersion "1"]
[SourceVersionDate "2022.07.31"]
[SourceQuality "1"]

1. e4 e5 2. Nf3 Nc6 3. Bc4 Bc5 4. b4 Bxb4 5. c3 Ba5 6. d4 d6 7. Qb3 Qd7 8. 0-0 Bb6 9. dxe5 Na5 10. Qb5 Nxc4 11. Qxc4 Ne7 12. Rd1 0-0 13. exd6 cxd6 14. Ba3 Bc7 15. e5 d5 16. Qb4 Re8 17. c4 Nc6 18. Qc5 Nxe5 19. Rxd5 Nxf3+ 20. gxf3 Re1+ 0-1

[Event "GER-ch U14 Girls"]
[Site "Willingen"]
[Date "2020.10.22"]
[Round "4"]
[White "Foos, Vanessa"]
[Black "Buchholz, Maja Patricia"]
[Result "0-1"]
[WhiteElo "1328"]
[BlackElo "1628"]
[PlyCount "56"]
[EventDate "2020.10.19"]
[EventType "swiss"]
[EventRounds "7"]
[EventCountry "GER"]
[SourceTitle "EXT 2022"]
[Source "ChessBase"]
[SourceDate "2021.10.06"]
[SourceVersion "1"]
[SourceVersionDate "2021.10.06"]
[SourceQuality "1"]

1. e4 e6 2. d4 d5 3. exd5 exd5 4. c4 Nf6 5. Nc3 Be7 6. Nf3 0-0 7. Be3 Nc6 8. Bd3 dxc4 9. Bxc4 Nb4 10. 0-0 Nbd5 11. Re1 Bg4 12. h3 Bh5 13. Bg5 c6 14. Be2 Qa5 15. Qb3 Bb4 16. Rac1 Rfe8 17. Ne5 Bxe2 18. Rxe2 Bxc3 19. bxc3 Qa6 20. Re3 Nxe3 21. Qxf7+ Kh8 22. Bxf6 Nf5 23. g4 Rf8 24. Qb3 Nh6 25. Bg5 Qe2 26. Qxb7 Qxf2+ 27. Kh1 Rab8 28. Qxc6 Rb2 0-1

[Event "GER-chT U14 Girls"]
[Site "Neumuenster"]
[Date "2019.12.27"]
[Round "1.4"]
[White "Foos, Vanessa"]
[Black "Buchholz, Maja Patricia"]
[Result "0-1"]
[WhiteElo "1309"]
[BlackElo "1666"]
[PlyCount "68"]
[EventDate "2019.12.27"]
[EventType "team-swiss"]
[EventRounds "7"]
[EventCountry "GER"]
[SourceTitle "CBM 194 Extra"]
[Source "ChessBase"]
[SourceDate "2020.03.31"]
[SourceVersion "1"]
[SourceVersionDate "2020.03.31"]
[SourceQuality "1"]
[WhiteTeam "Harksheide"]
[BlackTeam "Offenbach"]
[WhiteTeamCountry "GER"]
[BlackTeamCountry "GER"]

1. e4 e6 2. d4 d5 3. exd5 exd5 4. Bd3 Nf6 5. Ne2 Nc6 6. Nbc3 Bd6 7. 0-0 0-0 8. Bf4 Nxd4 9. Bxh7+ Nxh7 10. Qxd4 c6 11. Bxd6 Qxd6 12. Ng3 Qg6 13. Qd2 b6 14. Rfe1 Bb7 15. Re7 Rab8 16. Rae1 Ng5 17. f4 Ne6 18. f5 Qf6 19. Rxb7 Rxb7 20. fxe6 fxe6 21. Qe2 Re7 22. a3 e5 23. Nd1 e4 24. Ne3 Qxb2 25. Nef5 Rc7 26. a4 g6 27. Qg4 Qf6 28. Rf1 Kh8 29. Qh3+ Rh7 30. Nh4 Qd4+ 31. Kh1 Rxf1+ 32. Nxf1 Qf6 33. Qc8+ Kg7 34. Qd7+ Kh6 0-1

[Event "Regionalliga Nord 1718 (Women)"]
[Site "Germany"]
[Date "2018.01.28"]
[Round "4.4"]
[White "Foos, Vanessa"]
[Black "Fett, Sabine"]
[Result "0-1"]
[WhiteElo "951"]
[BlackElo "1709"]
[PlyCount "140"]
[EventDate "2017.10.15"]
[EventType "team-tourn"]
[EventRounds "5"]
[EventCountry "GER"]
[SourceTitle "CBM 183 Extra"]
[Source "ChessBase"]
[SourceDate "2018.04.19"]
[SourceVersion "1"]
[SourceVersionDate "2018.04.19"]
[SourceQuality "1"]
[WhiteTeam "Norderstedt Harksheide (W) II"]
[BlackTeam "Luebeck (W)"]
[WhiteTeamCountry "GER"]
[BlackTeamCountry "GER"]

1. e4 d6 2. d4 g6 3. f4 Bg7 4. Nf3 Bg4 5. Nc3 Nd7 6. Be2 e5 7. fxe5 Bxf3 8. Bxf3 dxe5 9. d5 Ngf6 10. 0-0 0-0 11. Be3 Nb6 12. Qd2 Nc4 13. Qc1 Nxe3 14. Qxe3 a6 15. Rad1 Qd6 16. Ne2 Rfd8 17. a3 c5 18. Qc3 Rac8 19. Nc1 b5 20. Nd3 Nxd5 21. exd5 e4 22. Qe1 exd3 23. Rxd3 Re8 24. Qc1 c4 25. Rdd1 Be5 26. g3 Qc5+ 27. Kh1 b4 28. axb4 Qxb4 29. c3 Qb6 30. Rfe1 Qf2 31. Bg4 Rb8 32. Rd2 Qc5 33. Bf3 Bg7 34. Rxe8+ Rxe8 35. d6 Qe3 36. Bc6 Rd8 37. Qd1 Qc5 38. Ba4 Qb6 39. d7 Qf6 40. Qe2 Bf8 41. Qf2 Qg5 42. h4 Qg4 43. Re2 Rxd7 44. Bxd7 Qxd7 45. Qd4 Qh3+ 46. Rh2 Qxg3 47. Qf2 Qd3 48. Rg2 Qd1+ 49. Rg1 Qd5+ 50. Qg2 Qh5 51. Qg5 Qf3+ 52. Qg2 Qh5 53. Qg4 Qd5+ 54. Kh2 Qd2+ 55. Rg2 Bd6+ 56. Kh3 Qd3+ 57. Rg3 Qxg3+ 58. Qxg3 Bxg3 59. Kxg3 f5 60. Kf4 Kf7 61. Ke3 Ke6 62. Kd4 Kd6 63. Kxc4 h6 64. Kd4 g5 65. hxg5 hxg5 66. c4 g4 67. Ke3 Kc5 68. b3 a5 69. Kd3 g3 70. Ke2 a4 0-1

[Event "GER-chT U14 Girls"]
[Site "Neumuenster"]
[Date "2017.12.27"]
[Round "2.3"]
[White "Wagner, Margarethe"]
[Black "Foos, Vanessa"]
[Result "1-0"]
[WhiteElo "1467"]
[BlackElo "948"]
[PlyCount "61"]
[EventDate "2017.12.26"]
[EventType "team-swiss"]
[EventRounds "7"]
[EventCountry "GER"]
[SourceTitle "CBM 182 Extra"]
[Source "ChessBase"]
[SourceDate "2018.02.23"]
[SourceVersion "1"]
[SourceVersionDate "2018.02.23"]
[SourceQuality "1"]
[WhiteTeam "Erfurt SK"]
[BlackTeam "Harksheide"]
[WhiteTeamCountry "GER"]
[BlackTeamCountry "GER"]

1. e4 e5 2. Nf3 Nc6 3. Bb5 Bc5 4. c3 Nf6 5. d3 d6 6. h3 Bd7 7. Nbd2 0-0 8. Nf1 a6 9. Ba4 Ne7 10. Bc2 Bc6 11. Ng3 Ng6 12. 0-0 h6 13. d4 exd4 14. cxd4 Bb6 15. Bd2 d5 16. Bb4 Re8 17. e5 Nd7 18. Qd2 Nh4 19. Nh2 Qg5 20. Qxg5 hxg5 21. Rad1 f6 22. f4 gxf4 23. Rxf4 Ng6 24. Bxg6 Red8 25. e6 Nf8 26. e7 Rdc8 27. exf8Q+ Rxf8 28. Bxf8 Rxf8 29. Nf5 Ba4 30. Ne7+ Kh8 31. Rh4# 1-0

[Event "GER-chT U10"]
[Site "Magdeburg"]
[Date "2016.12.27"]
[Round "1.4"]
[White "Witt, Niclas"]
[Black "Foos, Vanessa"]
[Result "1-0"]
[WhiteElo "735"]
[BlackElo "786"]
[PlyCount "79"]
[EventDate "2016.12.27"]
[EventType "team-swiss"]
[EventRounds "7"]
[EventCountry "GER"]
[SourceTitle "EXT 2018"]
[Source "ChessBase"]
[SourceDate "2017.10.13"]
[SourceVersion "1"]
[SourceVersionDate "2017.10.13"]
[SourceQuality "1"]
[WhiteTeam "Stadtilm Blau Weiss"]
[BlackTeam "Norderstedt Harksheide"]
[WhiteTeamCountry "GER"]
[BlackTeamCountry "GER"]

1. e4 c6 2. Nf3 d5 3. Nc3 Nf6 4. Bd3 Bg4 5. h3 Bxf3 6. gxf3 e5 7. b3 d4 8. Na4 Bb4 9. Bb2 Nbd7 10. Qe2 0-0 11. 0-0-0 Qe7 12. Rhg1 Ba3 13. Qf1 g6 14. Qg2 Nh5 15. Qg4 Nf4 16. Bf1 Qd6 17. h4 d3 18. cxd3 Bxb2+ 19. Nxb2 Nc5 20. h5 Ncxd3+ 21. Nxd3 Nxd3+ 22. Bxd3 Qxd3 23. hxg6 fxg6 24. Qh4 Rf7 25. Rxg6+ Kf8 26. Rg5 Rd8 27. Rdg1 Qxd2+ 28. Kb1 Qd3+ 29. Kb2 Qd4+ 30. Ka3 Ke7 31. Rxe5+ Kd6 32. Qh6+ Kc7 33. Re6 b5 34. Rc1 b4+ 35. Ka4 a5 36. Rexc6+ Kb7 37. Ra6 Qd7+ 38. Rcc6 Rc8 39. Qe3 Ra8 40. Qb6# 1-0